000 00817nam a2200265Ia 4500
003 OSt
005 20220918222246.0
006 a|||||r|||| 00| 0
007 ta
008 220917b |||||||| |||| 00| 0 eng d
024 _a216,276
037 _cTextual
040 _aARTS
_cARTS
_beng
041 _2eng
_aeng
082 _aNv53.M15<-K48, P0 (MPhil)
100 _aHarrison Charles Ed.
_9142667
245 0 _aArt in theory 1648-1815
_b an anthology of changing ideas
260 _aUK
_bBlackwell publishers
_c2000
300 _axxii, 1220p
_ccm.
650 _aARTS
700 _a Gaiger Jason Ed.
_9142668
700 _a Wood Paul Ed.
_9142669
942 _hNv53.M15<-K48, P0 (MPhil)
_cTEXL
_2CC
999 _c275020
_d275020